000 00985nam a2200301Ia 4500
001 Z_5398
003 CHAP
008 220113s2006 xx 000 0 und d
010 _a168468
040 _cCHAP
090 _aTesis R 1929
100 _aRomero Barrera, Lucia de las Nieves
_999524
245 _aNemátodos gastroentéricos en ovinos de la Sierra de Huautla, Morelos sujetos a diferente control parasitario /
_cLucia de las Nieves Romero Barrera
260 _aChapingo, Méx. :
_bEl autor,
_c2006
300 _a62 h.
502 _aTesis (Ing. Agrónomo Esp. en Zootecnia) -- UACH. Departamento de Zootecnia
650 _aGanado lanar
_x
_x Razas
_9141472
650 _aGanado lanar
_xEnfermedades
_945173
650 _aGanado lanar
_xMorelos
_945201
650 _aGanado lanar
_xParásitos
_945208
650 _aHomeopatía en medicina veterinaria
_956058
901 _aTESIS R 1929
902 _aM
910 _a2006
942 _c2
942 _c2
999 _c168468
_d168468